Introduction to finite elements in engineering (Record no. 11811)

MARC details
000 -LEADER
fixed length control field 00989nam a2200325Ia 4500
003 - CONTROL NUMBER IDENTIFIER
control field OSt
005 - DATE AND TIME OF LATEST TRANSACTION
control field 20220912144542.0
008 - FIXED-LENGTH DATA ELEMENTS--GENERAL INFORMATION
fixed length control field 220909b |||||||| |||| 00| 0 eng d
020 ## - INTERNATIONAL STANDARD BOOK NUMBER
International Standard Book Number 8120306821 (pbk)
020 ## - INTERNATIONAL STANDARD BOOK NUMBER
International Standard Book Number SL0859883
037 ## - SOURCE OF ACQUISITION
Terms of availability Textual
040 ## - CATALOGING SOURCE
Original cataloging agency CSL
Language of cataloging eng
Transcribing agency CSL
041 ## - LANGUAGE CODE
Language code of text/sound track or separate title eng
100 ## - MAIN ENTRY--PERSONAL NAME
Personal name Chandrupatla Tirupathi R; Belegundu Ashok D
245 #0 - TITLE STATEMENT
Title Introduction to finite elements in engineering
260 ## - PUBLICATION, DISTRIBUTION, ETC.
Place of publication, distribution, etc. New Delhi
Name of publisher, distributor, etc. Prentice-Hall
Date of publication, distribution, etc. 1991
300 ## - PHYSICAL DESCRIPTION
Extent xiv, 416p. ill.
500 ## - GENERAL NOTE
General note Appendix 403-406p.; Bibliography 407-410p.; Index 411-414p.
650 ## - SUBJECT ADDED ENTRY--TOPICAL TERM
Topical term or geographic name entry element Beams and frames
650 ## - SUBJECT ADDED ENTRY--TOPICAL TERM
Topical term or geographic name entry element Dynamic considerations
650 ## - SUBJECT ADDED ENTRY--TOPICAL TERM
Topical term or geographic name entry element Trusses
650 ## - SUBJECT ADDED ENTRY--TOPICAL TERM
Topical term or geographic name entry element One-dimensional problems
700 ## - ADDED ENTRY--PERSONAL NAME
Personal name Chandrupatla Tirupathi R; Belegundu Ashok D
942 ## - ADDED ENTRY ELEMENTS (KOHA)
Classification part B334, N1
Koha item type Textual
Source of classification or shelving scheme Colon Classification (CC)
Holdings
Withdrawn status Lost status Damaged status Not for loan Home library Current library Date acquired Total Checkouts Full call number Barcode Date last seen Price effective from Koha item type
        Central Science Library Central Science Library 2022-09-12   B334 N1 SL0859883 2022-09-12 2022-09-12 Textual
Copyright @ Delhi University Library System